LEADER 00926nam0-22003371i-450- 001 990000784570403321 005 20001010 035 $a000078457 035 $aFED01000078457 035 $a(Aleph)000078457FED01 035 $a000078457 100 $a20001010d--------km-y0itay50------ba 101 0 $aita 105 $ay-------001yy 200 1 $aGrecia e Roma$fSusan Woodford$gtraduzio- ne di Silvana Marzagalli 210 $aMilano$cLeonardo$dc1989 215 $a124 p.$cill.$d26 cm 225 1 $aIntroduzione alla Storia dell'Arte 300 $aTit. orig.: The art of Greece and Rome 610 0 $aARTE ROMANA 610 0 $aARTE GRECA 676 $a700 700 1$aWoodford,$bSusan$038848 801 0$aIT$bUNINA$gRICA$2UNIMARC 901 $aBK 912 $a990000784570403321 952 $aART.FI B 172$b1930/253$fFARBC 959 $aFARBC 996 $aGrecia e Roma$9350846 997 $aUNINA DB $aING01 LEADER 01536nam0-2200385---450- 001 990008466720403321 005 20080222121609.0 010 $a2-204-01005-7$bv. 3. 010 $a2-204-04432-6$bv. 4. 035 $a000846672 035 $aFED01000846672 035 $a(Aleph)000846672FED01 035 $a000846672 100 $a20070209g19721991km-y0itay50------ba 101 2 $alat$afre 102 $aFR 105 $af-------001yy 200 1 $aActes de la Conférence de Carthage en 411$fpar Serge Lancel 210 $aParis$cLes édition du Cerf$d1972-1991 215 $a4 v.$c1 c. geogr.$d20 cm 225 1 $aSources chrétiennes$v194-195-224-373 300 $aTesto latino con traduzione francese a fronte 327 1 $a1.: Introduction générale$a2.: Texte et traduction de la capitulation générale et des actes de la première séance$a3.: Texte et traduction des actes de la deuxième et de la troisième séance$a4.: Additamentum criticum, notices sur les sièges et les toponymes notes complémentaries et index 676 $a276 702 1$aLancel,$bSerge 801 0$aIT$bUNINA$gRICA$2UNIMARC 901 $aBK 912 $a990008466720403321 952 $aP2B-590-S.C.-A.C.C.-200A (1)-1972$bBibl.47228$fFLFBC 952 $aP2B-590-S.C.-A.C.C.-200A (2)-1972$bBibl.47220$fFLFBC 952 $aP2B-590-S.C.-A.C.C.-200A (3)-1975$bBibl.51113$fFLFBC 952 $aP2B-590-S.C.-A.C.C.-200A (4)-1991$bBibl.11393$fFLFBC 959 $aFLFBC 996 $aGesta Conlationis Carthaginiensis$956438 997 $aUNINA LEADER 01705nam2-2200409---450 001 990005951280203316 005 20200430162417.0 035 $a000595128 035 $aUSA01000595128 035 $a(ALEPH)000595128USA01 035 $a000595128 100 $a20140606d2010----|||y0itaa50------ba 101 $aspa$alat 102 $aes 105 $a0 00||| 200 1 $a<<15.: >> Sobre el destino y el libre albedrío$aDemócrates$aTeófilo$fJuan Ginés de Sepúlveda$gintroducción filológica, edición crítica,traducicción y notas de J.J. Sanchez Gázquez J.J.[per Sobre el destino y el libre albedrío]$gintroducción filológica y edición crítica J. Solana Pujalte,introducción filológica,traducicción y notas I.J. García Pinilla [per Demócrates]$gintroducción filológica, edición crítica,traducicción y notas de J.M. Núñez Gonzáles [per Teófilo]$gestudio histórico S. Rus Rufino 210 $aPozoblanco$cExcmo$d2010 215 $aCCV,245 p. compless.$d24 cm. 461 0$1001000570081$12001$aObras completas 676 $a946.04 700 1$aSEPULVEDA,$bJuan Ginés : de$0386940 702 1$aSÁNCHEZ GÁZQUEZ,$bJ.J. 702 1$aSOLANA PUJALTE,$bJulián 702 1$aGARCIA PINILLA,$bIgnacio J. 702 1$aNÚÑEZ GONZÁLEZ,$bJ.M. 702 1$aRUS RUFINO$bS. 801 0$aIT$bSA$c20111219 912 $a990005951280203316 951 $aBiblioteca di Filosofia$b142 DISPAC 959 $aBK 969 $aFIL 979 $aESPOSITO$b90$c20140606$lUSA01$h1121 979 $aPATRY$b90$c20140606$lUSA01$h1132 996 $aDemócrates$91070645 996 $aTeófilo$91070646 996 $aSobre el destino y el libre albedrío$91070644 997 $aUNISA